00353nam a2200109Ia 4500008004100000100001700041245003700058260004600095300002000141650001300161856006900174160712s9999 xx 000 0 und d aCena, Resty. cResty CenaaMagbaybay ay Di Biro c2011bDaluyan: Journal ng Wikang Filipino avol. 17 no. 1-2 xFILIPINO uhttp://journals.upd.edu.ph/index.php/djwf/issue/view/307/showToc